[Event "Tch-CRO 1stA liga 2017"]
[Site "Mali Losinj"]
[Date "2017.09.30"]
[Round "3.51"]
[White "Bosiocic, Marin"]
[Black "Ivanchuk, Vassily"]
[Result "0-1"]
[WhiteElo "2607"]
[BlackElo "2727"]
[PlyCount "56"]
[EventDate "2017.??.??"]
[EventCountry "CRO"]

1. e4 e5 2. Nf3 Nc6 3. Bb5 a6 4. Ba4 Nf6 5. O-O Nxe4 6. d4 b5 7. Bb3 d5 8. dxe5
Be6 9. Be3 Be7 10. c3 Qd7 11. Nbd2 O-O 12. Nd4 Nxd2 13. Qxd2 Nxe5 14. f4 Nc4
15. Bxc4 dxc4 16. f5 Bd5 17. Rad1 Be4 18. Bh6 gxh6 19. Qxh6 Kh8 20. Rde1 Bd5
21. f6 Rg8 22. Rf5 Bf8 23. Qh4 Rxg2+ 24. Kf1 Rg6 25. Rh5 h6 26. Ree5 Bg2+ 27.
Kf2 Qd6 28. Rhf5 Rd8 0-1

[Event "Tch-CRO 1stA liga 2017"]
[Site "Mali Losinj"]
[Date "2017.09.30"]
[Round "3.52"]
[White "Malakhov, Vladimir"]
[Black "Beliavsky, Alexander G"]
[Result "1/2-1/2"]
[WhiteElo "2691"]
[BlackElo "2547"]
[PlyCount "52"]
[EventDate "2017.??.??"]
[EventCountry "CRO"]

1. Nf3 d5 2. e3 c5 3. c4 Nf6 4. cxd5 Nxd5 5. Nc3 e6 6. Bb5+ Bd7 7. Be2 Bc6 8.
O-O Nd7 9. d4 Rc8 10. Nb5 Bxb5 11. Bxb5 a6 12. Bxd7+ Qxd7 13. Ne5 Qb5 14. a4
Qb6 15. e4 Nf6 16. d5 Qc7 17. Ng4 Be7 18. Ra3 exd5 19. exd5 O-O 20. Rh3 Rfd8
21. Nxf6+ Bxf6 22. b3 g6 23. Re1 b5 24. axb5 axb5 25. Rd3 Qd6 26. Bh6 Re8
1/2-1/2

[Event "Tch-CRO 1stA liga 2017"]
[Site "Mali Losinj"]
[Date "2017.09.30"]
[Round "3.53"]
[White "Nevednichy, Vladislav"]
[Black "Stevic, Hrvoje"]
[Result "1/2-1/2"]
[WhiteElo "2528"]
[BlackElo "2616"]
[PlyCount "94"]
[EventDate "2017.??.??"]
[EventCountry "CRO"]

1. e4 e5 2. Nf3 Nc6 3. Bc4 Nf6 4. d3 Be7 5. O-O O-O 6. Re1 d6 7. a4 Na5 8. Ba2
c5 9. Nbd2 Nc6 10. c3 h6 11. Nf1 Re8 12. Bd2 Bf8 13. Ne3 Be6 14. Bxe6 Rxe6 15.
Nd5 Re8 16. Nxf6+ Qxf6 17. a5 Qe6 18. c4 Rab8 19. Qa4 Rec8 20. Bc3 Qe8 21. Nd2
Be7 22. Nf1 Bg5 23. b4 b5 24. axb6 axb6 25. b5 Nd8 26. Qd1 Ne6 27. g3 Ra8 28.
Qf3 Rxa1 29. Rxa1 Ra8 30. h4 Rxa1 31. Bxa1 Be7 32. Ne3 Qa8 33. Bc3 Qa2 34. Nd5
Bd8 35. Qd1 Kf8 36. Kg2 Ke8 37. h5 Kf8 38. Qd2 Qxd2 39. Bxd2 Kg8 40. f4 Nf8 41.
Kf3 Nd7 42. Ne3 Be7 43. Nf5 Bf8 44. Bc3 g6 45. Ne3 Bg7 46. f5 g5 47. Nd5 Bf6
1/2-1/2

[Event "Tch-CRO 1stA liga 2017"]
[Site "Mali Losinj"]
[Date "2017.09.30"]
[Round "3.54"]
[White "Kozul, Zdenko"]
[Black "Tica, Sven"]
[Result "1/2-1/2"]
[WhiteElo "2596"]
[BlackElo "2389"]
[PlyCount "115"]
[EventDate "2017.??.??"]
[EventCountry "CRO"]

1. Nf3 Nf6 2. g3 d5 3. Bg2 e6 4. O-O Be7 5. d3 O-O 6. Nbd2 b6 7. e4 Bb7 8. e5
Nfd7 9. Re1 c5 10. h4 Nc6 11. Nf1 Re8 12. Bh3 Nf8 13. c3 Rc8 14. N1h2 b5 15. h5
h6 16. Bf4 Nh7 17. Qd2 d4 18. c4 bxc4 19. dxc4 Qa5 20. Bg2 Qxd2 21. Bxd2 Rb8
22. b3 a5 23. Ng4 Nb4 24. Bxb4 axb4 25. a4 bxa3 26. Rxa3 Ra8 27. Rea1 Rxa3 28.
Rxa3 Ra8 29. Rxa8+ Bxa8 30. Ne1 Bxg2 31. Kxg2 Nf8 32. f4 Nd7 33. Nd3 Kh7 34.
Ngf2 f5 35. Nb2 g5 36. Nfd3 gxf4 37. gxf4 Nb8 38. Na4 Na6 39. Nb6 Kg7 40. Nc8
Kf8 41. Kf3 Ke8 42. Na7 Kd7 43. Nb5 Nc7 44. Nxc7 Kxc7 45. Ke2 Kb6 46. Kd1 Ka5
47. Kc2 Bf8 48. Kb2 Be7 49. Ka3 Bf8 50. Ne1 Be7 51. Nf3 Bd8 52. b4+ cxb4+ 53.
Kb3 Bb6 54. Ne1 Bc5 55. Nd3 Be7 56. Ne1 Bc5 57. Nd3 Be7 58. Ne1 1/2-1/2

[Event "Tch-CRO 1stA liga 2017"]
[Site "Mali Losinj"]
[Date "2017.09.30"]
[Round "3.55"]
[White "Golubovic, Boris"]
[Black "Palac, Mladen"]
[Result "0-1"]
[WhiteElo "2400"]
[BlackElo "2535"]
[PlyCount "54"]
[EventDate "2017.??.??"]
[EventCountry "CRO"]

1. d4 d5 2. Bf4 c5 3. e3 cxd4 4. exd4 Nc6 5. c3 Bf5 6. Nd2 e6 7. Qb3 Qd7 8.
Ngf3 Nge7 9. Be2 Ng6 10. Bg3 h5 11. h4 Bd6 12. Bxd6 Qxd6 13. g3 O-O-O 14. O-O-O
Kb8 15. Nf1 f6 16. Bd3 Bxd3 17. Rxd3 e5 18. dxe5 Ngxe5 19. Nxe5 Qxe5 20. Ne3 d4
21. Nc2 dxc3 22. Qxc3 Qf5 23. Rxd8+ Rxd8 24. Rd1 Rxd1+ 25. Kxd1 Qxf2 26. b4 Ne5
27. Qd4 Qf1+ 0-1

[Event "Tch-CRO 1stA liga 2017"]
[Site "Mali Losinj"]
[Date "2017.09.30"]
[Round "3.56"]
[White "Jankovic, Alojzije"]
[Black "Petrov, Jole"]
[Result "1-0"]
[WhiteElo "2582"]
[BlackElo "2394"]
[PlyCount "55"]
[EventDate "2017.??.??"]
[EventCountry "CRO"]

1. d4 d5 2. c4 e6 3. Nc3 Nf6 4. Nf3 Be7 5. Bf4 O-O 6. e3 c5 7. dxc5 Bxc5 8. Qc2
Nc6 9. a3 Re8 10. Bg5 Be7 11. Be2 h6 12. Bh4 dxc4 13. Bxc4 a6 14. Ba2 b5 15.
O-O Bb7 16. Rac1 Qa5 17. Bb1 b4 18. Ne4 Nxe4 19. Qxe4 Bxh4 20. Qh7+ Kf8 21.
Nxh4 Qe5 22. f4 Qxe3+ 23. Kh1 Ne7 24. Qh8+ Ng8 25. Bh7 Rac8 26. Rce1 Qd4 27.
Qxg8+ Ke7 28. Nf5+ 1-0

[Event "Tch-CRO 1stA liga 2017"]
[Site "Mali Losinj"]
[Date "2017.10.01"]
[Round "4.11"]
[White "Saric, Ivan"]
[Black "Ivanchuk, Vassily"]
[Result "1/2-1/2"]
[WhiteElo "2662"]
[BlackElo "2727"]
[PlyCount "97"]
[EventDate "2017.??.??"]
[EventCountry "CRO"]

1. e4 c5 2. Nf3 e6 3. d4 cxd4 4. Nxd4 Nf6 5. Nc3 Nc6 6. Ndb5 d6 7. Bf4 e5 8.
Bg5 a6 9. Na3 b5 10. Nd5 Be7 11. Bxf6 Bxf6 12. c4 b4 13. Nc2 a5 14. g3 Bg5 15.
h4 Bh6 16. Bh3 Bb7 17. Qh5 Ne7 18. Nf6+ Kf8 19. Rd1 Ng6 20. Nd5 Ne7 21. Nf6 Ng6
22. Nd5 Ne7 23. O-O Bxd5 24. exd5 Qc7 25. Ne3 Ng8 26. Qf3 g6 27. c5 Qxc5 28.
Rc1 Qa7 29. Rc6 e4 30. Qxe4 Re8 31. Qc2 Bxe3 32. Rc7 Qb6 33. fxe3 Qxe3+ 34. Qf2
Nh6 35. Qxe3 Rxe3 36. Be6 Kg7 37. Bxf7 Nf5 38. Be6+ Kh6 39. Bxf5 gxf5 40. Rxf5
Rxg3+ 41. Kf2 Rh3 42. Rf6+ Kh5 43. Rg7 Rxh4 44. Rf5+ Kh6 45. Rg2 Re8 46. Rf6+
Kh5 47. Rf5+ Kh6 48. Rf6+ Kh5 49. Rf5+ 1/2-1/2

[Event "Tch-CRO 1stA liga 2017"]
[Site "Mali Losinj"]
[Date "2017.10.01"]
[Round "4.12"]
[White "Malakhov, Vladimir"]
[Black "Predojevic, Borki"]
[Result "1-0"]
[WhiteElo "2691"]
[BlackElo "2614"]
[PlyCount "51"]
[EventDate "2017.??.??"]
[EventCountry "CRO"]

1. Nf3 d5 2. e3 Nf6 3. c4 e6 4. d4 b6 5. b3 Bb7 6. Bd3 Nbd7 7. O-O Bd6 8. Bb2
O-O 9. Nbd2 Ne4 10. cxd5 exd5 11. Ne5 Qe7 12. f4 Nxd2 13. Qxd2 Nf6 14. Qe2 Ne4
15. Bxe4 dxe4 16. f5 Qg5 17. Rf4 f6 18. Rg4 Qh6 19. Rg3 fxe5 20. dxe5 Bc5 21.
f6 Bd5 22. b4 Bxb4 23. Rxg7+ Kh8 24. e6 Bd6 25. Rg3 Rxf6 26. Qh5 1-0

[Event "Tch-CRO 1stA liga 2017"]
[Site "Mali Losinj"]
[Date "2017.10.01"]
[Round "4.13"]
[White "Markus, Robert"]
[Black "Stevic, Hrvoje"]
[Result "1/2-1/2"]
[WhiteElo "2650"]
[BlackElo "2616"]
[PlyCount "37"]
[EventDate "2017.??.??"]
[EventCountry "CRO"]

1. d4 d5 2. c4 dxc4 3. Nf3 a6 4. e3 b5 5. a4 Bb7 6. b3 e6 7. bxc4 bxc4 8. Bxc4
c5 9. O-O Nf6 10. Nbd2 cxd4 11. Nxd4 Nbd7 12. Rb1 Qc7 13. Be2 Rb8 14. Nc4 Bc5
15. Bd2 Be4 16. Ba5 Qa7 17. Rxb8+ Qxb8 18. Nd2 Bd5 19. Bc3 1/2-1/2

[Event "Tch-CRO 1stA liga 2017"]
[Site "Mali Losinj"]
[Date "2017.10.01"]
[Round "4.14"]
[White "Kozul, Zdenko"]
[Black "Kuljasevic, Davorin"]
[Result "1/2-1/2"]
[WhiteElo "2596"]
[BlackElo "2549"]
[PlyCount "87"]
[EventDate "2017.??.??"]
[EventCountry "CRO"]

1. d4 Nf6 2. c4 e6 3. g3 d5 4. Bg2 Bb4+ 5. Bd2 Bd6 6. Nf3 O-O 7. O-O Nbd7 8.
Qb3 c6 9. Bb4 Bxb4 10. Qxb4 a5 11. Qd6 dxc4 12. Nbd2 b5 13. e4 Bb7 14. Qf4 c5
15. a4 bxa4 16. Rfc1 cxd4 17. Rxc4 Qb6 18. e5 Nd5 19. Qh4 Rac8 20. Bf1 Ne3 21.
Bd3 Nf5 22. Qf4 Rxc4 23. Nxc4 Qc6 24. Ncd2 Nc5 25. Bxf5 exf5 26. Rc1 Qd5 27.
Qxd4 Ne6 28. Qxd5 Bxd5 29. Ne1 Rb8 30. Nd3 Be4 31. Nc5 Rxb2 32. Ndxe4 fxe4 33.
Nxa4 Rb5 34. Rc8+ Nf8 35. Re8 g6 36. Nc3 Rb4 37. Nd5 Rb1+ 38. Kg2 Kg7 39. Nf6
Rb4 40. h4 h5 41. Ra8 Rb5 42. Ne8+ Kg8 43. Nf6+ Kg7 44. Ne8+ 1/2-1/2

[Event "Tch-CRO 1stA liga 2017"]
[Site "Mali Losinj"]
[Date "2017.10.01"]
[Round "4.15"]
[White "Jovanic, Ognjen"]
[Black "Palac, Mladen"]
[Result "1-0"]
[WhiteElo "2490"]
[BlackElo "2535"]
[PlyCount "99"]
[EventDate "2017.??.??"]
[EventCountry "CRO"]

1. d4 d5 2. c4 e6 3. Nf3 Nf6 4. Nc3 c6 5. e3 Nbd7 6. Qc2 Bd6 7. b3 O-O 8. Be2
b6 9. O-O Bb7 10. Bb2 Qe7 11. Rad1 Rad8 12. Rfe1 Rfe8 13. g3 a6 14. Bf1 Bb4 15.
Bg2 Rc8 16. Ne5 Nxe5 17. dxe5 Nd7 18. f4 b5 19. a3 Bxa3 20. Bxa3 Qxa3 21. Ne4
Nxe5 22. fxe5 dxe4 23. c5 Qa5 24. Bxe4 g6 25. Rf1 Rcd8 26. Rd6 Rxd6 27. cxd6
Qb6 28. Qf2 Rf8 29. Qf3 Qc5 30. Qf4 Qa7 31. h4 c5 32. Bxb7 Qxb7 33. h5 Qd5 34.
hxg6 hxg6 35. Qf6 Qd3 36. Rf3 Qd1+ 37. Kg2 Qd2+ 38. Kh3 Qd1 39. g4 c4 40. Kh4
Qh1+ 41. Rh3 Qxh3+ 42. Kxh3 cxb3 43. Qf2 a5 44. Kh4 a4 45. Kg5 a3 46. Qf6 Kh7
47. d7 b2 48. d8=Q Rxd8 49. Qxf7+ Kh8 50. Kh6 1-0

[Event "Tch-CRO 1stA liga 2017"]
[Site "Mali Losinj"]
[Date "2017.10.01"]
[Round "4.16"]
[White "Jankovic, Alojzije"]
[Black "Kovacevic, Blazimir"]
[Result "1-0"]
[WhiteElo "2582"]
[BlackElo "2488"]
[PlyCount "73"]
[EventDate "2017.??.??"]
[EventCountry "CRO"]

1. d4 Nf6 2. c4 e6 3. Nc3 d5 4. Nf3 Nbd7 5. Qc2 Be7 6. Bf4 O-O 7. e3 c6 8. h3
a6 9. Rd1 b6 10. e4 Nxe4 11. Nxe4 dxe4 12. Qxe4 Nf6 13. Qc2 Bb4+ 14. Bd2 Qe7
15. Be2 Bxd2+ 16. Qxd2 Bb7 17. O-O c5 18. Qe3 Rad8 19. Ne5 Qc7 20. dxc5 bxc5
21. Rxd8 Rxd8 22. Rd1 Rxd1+ 23. Bxd1 Be4 24. Ng4 Nxg4 25. Bxg4 Bb7 26. Bf3 Bxf3
27. Qxf3 Qa7 28. b4 cxb4 29. Qc6 g6 30. c5 Qe7 31. Qb6 Qf6 32. c6 Qa1+ 33. Kh2
Qe5+ 34. g3 Qd6 35. Qb7 Qd5 36. Qb8+ Kg7 37. c7 1-0

[Event "Tch-CRO 1stA liga 2017"]
[Site "Mali Losinj"]
[Date "2017.10.01"]
[Round "4.21"]
[White "Romanov, Evgeny"]
[Black "Bosiocic, Marin"]
[Result "1/2-1/2"]
[WhiteElo "2626"]
[BlackElo "2607"]
[PlyCount "78"]
[EventDate "2017.??.??"]
[EventCountry "CRO"]

1. d4 Nf6 2. Nc3 d5 3. Bf4 a6 4. e3 e6 5. Bd3 b5 6. g4 h6 7. Qf3 Bb7 8. h4 b4
9. Nce2 c5 10. g5 Nfd7 11. c4 cxd4 12. exd4 Nc6 13. g6 f6 14. Qe3 e5 15. Bf5
Bd6 16. Nf3 Ne7 17. Bxd7+ Qxd7 18. dxe5 fxe5 19. Bxe5 O-O 20. Bxd6 Nf5 21. Qd3
Nxd6 22. c5 d4 23. Ne5 Qe6 24. cxd6 Qxe5 25. Rh3 Qxd6 26. Qxd4 Qxg6 27. Rg3 Qf6
28. Qxf6 Rxf6 29. Rd1 Rf7 30. Rd4 a5 31. a3 bxa3 32. Rxa3 Re8 33. Re3 Ref8 34.
f4 Ba6 35. Ree4 Bc8 36. Kf2 Rb7 37. Rd2 Bf5 38. Re5 a4 39. Nd4 Bb1 1/2-1/2

[Event "Tch-CRO 1stA liga 2017"]
[Site "Mali Losinj"]
[Date "2017.10.01"]
[Round "4.22"]
[White "Beliavsky, Alexander G"]
[Black "Ivanisevic, Ivan"]
[Result "1/2-1/2"]
[WhiteElo "2547"]
[BlackElo "2611"]
[PlyCount "51"]
[EventDate "2017.??.??"]
[EventCountry "CRO"]

1. d4 Nf6 2. c4 c5 3. d5 g6 4. Nc3 Bg7 5. e4 O-O 6. Nf3 e6 7. Be2 d6 8. O-O Re8
9. Nd2 Na6 10. Kh1 Bd7 11. f3 Nh5 12. f4 Qh4 13. Bxh5 Qxh5 14. Qxh5 gxh5 15.
dxe6 fxe6 16. Nb5 Bxb5 17. cxb5 Nb4 18. Nc4 Rad8 19. e5 dxe5 20. fxe5 Rf8 21.
Rxf8+ Rxf8 22. Bd2 Nd3 23. Bc3 Bh6 24. Kg1 Nc1 25. g3 h4 26. Kg2 1/2-1/2

[Event "Tch-CRO 1stA liga 2017"]
[Site "Mali Losinj"]
[Date "2017.10.01"]
[Round "4.23"]
[White "Lalic, Bogdan"]
[Black "Nevednichy, Vladislav"]
[Result "1/2-1/2"]
[WhiteElo "2438"]
[BlackElo "2528"]
[PlyCount "29"]
[EventDate "2017.??.??"]
[EventCountry "CRO"]

1. d4 Nf6 2. c4 e6 3. Nc3 d5 4. cxd5 exd5 5. Bg5 Be7 6. e3 c6 7. Bd3 Nbd7 8. h3
O-O 9. Qc2 Re8 10. Nf3 Nf8 11. Bf4 Bd6 12. Bxd6 Qxd6 13. O-O-O a5 14. Kb1 Qe7
15. g4 1/2-1/2

[Event "Tch-CRO 1stA liga 2017"]
[Site "Mali Losinj"]
[Date "2017.10.01"]
[Round "4.24"]
[White "Tica, Sven"]
[Black "Plenkovic, Zdenko"]
[Result "1-0"]
[WhiteElo "2389"]
[BlackElo "2415"]
[PlyCount "91"]
[EventDate "2017.??.??"]
[EventCountry "CRO"]

1. d4 Nf6 2. Nf3 g6 3. g3 Bg7 4. Bg2 O-O 5. O-O d5 6. c4 dxc4 7. Na3 c3 8. bxc3
c5 9. e3 Nc6 10. Qe2 Bf5 11. Bb2 Qa5 12. Nd2 cxd4 13. cxd4 Bg4 14. f3 Be6 15.
Rfc1 Rad8 16. Nb3 Qh5 17. Rc5 Rd5 18. Rac1 Nd7 19. R5c2 Bh3 20. Rd1 Bxg2 21.
Kxg2 Rd6 22. Nb5 Rf6 23. f4 Qxe2+ 24. Rxe2 Ncb8 25. Ba3 Rb6 26. Nc3 Re8 27. Nd5
Ra6 28. Nc7 Rxa3 29. Nxe8 Bf8 30. Rc1 f5 31. Nc7 Kf7 32. Nb5 Ra4 33. Rc7 a6 34.
Nc3 Rb4 35. Na5 e6 36. Nxb7 Be7 37. d5 Rb6 38. Rd2 Bb4 39. Nd8+ Ke7 40. Nxe6
Kd6 41. Rc4 Ba5 42. Nd8 Nf6 43. Rc2 Ng4 44. Kf3 Nd7 45. Rc6+ Rxc6 46. Nb7+ 1-0

[Event "Tch-CRO 1stA liga 2017"]
[Site "Mali Losinj"]
[Date "2017.10.01"]
[Round "4.25"]
[White "Sulava, Nenad"]
[Black "Petrov, Jole"]
[Result "0-1"]
[WhiteElo "2452"]
[BlackElo "2394"]
[PlyCount "88"]
[EventDate "2017.??.??"]
[EventCountry "CRO"]

1. Nf3 d5 2. e3 Nf6 3. c4 e6 4. b3 c5 5. Bb2 Nc6 6. cxd5 exd5 7. Bb5 Bd7 8. O-O
Be7 9. d4 cxd4 10. Nxd4 O-O 11. Nc3 Qa5 12. Bxc6 bxc6 13. Qc2 g6 14. Rfd1 Rfd8
15. Nde2 Bf5 16. Qd2 Qa6 17. Rac1 c5 18. Ng3 Bg4 19. f3 Be6 20. Na4 c4 21. Bd4
Nd7 22. Ne2 Rab8 23. Ra1 Bb4 24. Bc3 Bxc3 25. Naxc3 Nc5 26. bxc4 dxc4 27. Nd4
Nd3 28. Ne4 Bd5 29. Ng3 Rb2 30. Qc3 Rxa2 31. Ndf5 gxf5 32. Nxf5 Rxg2+ 33. Kxg2
Qg6+ 34. Ng3 h5 35. Rg1 Kh7 36. Kf1 Rg8 37. e4 Be6 38. Ra5 Bh3+ 39. Ke2 Nf4+
40. Ke1 Qb6 41. Rh1 Qb1+ 42. Kf2 Qb6+ 43. Ke1 h4 44. Ne2 Rg2 0-1

[Event "Tch-CRO 1stA liga 2017"]
[Site "Mali Losinj"]
[Date "2017.10.01"]
[Round "4.26"]
[White "Zelenika, Srdjan"]
[Black "Loncar, Robert"]
[Result "0-1"]
[WhiteElo "2215"]
[BlackElo "2368"]
[PlyCount "64"]
[EventDate "2017.??.??"]
[EventCountry "CRO"]

1. e4 e5 2. Nf3 Nc6 3. Bc4 Nf6 4. d3 h6 5. O-O d6 6. Re1 g5 7. c3 g4 8. Nfd2 h5
9. Nf1 h4 10. Bg5 Rh5 11. Be3 a6 12. Bb3 d5 13. exd5 Nxd5 14. Bc1 Be6 15. Nbd2
Qd7 16. Ne4 Be7 17. d4 exd4 18. cxd4 O-O-O 19. a3 Qe8 20. Ne3 Qh8 21. Bxd5 Bxd5
22. Nxd5 Rhxd5 23. Qxg4+ f5 24. Qh3 Nxd4 25. Nc3 R5d7 26. Rb1 Qh5 27. Bf4 Bc5
28. Kf1 Nc2 29. Rec1 Rd3 30. Qxd3 Rxd3 31. Rxc2 h3 32. Na4 Rd1+ 0-1

[Event "Tch-CRO 1stA liga 2017"]
[Site "Mali Losinj"]
[Date "2017.10.01"]
[Round "4.31"]
[White "Cheparinov, Ivan"]
[Black "Fedorchuk, Sergey A"]
[Result "1/2-1/2"]
[WhiteElo "2695"]
[BlackElo "2640"]
[PlyCount "50"]
[EventDate "2017.??.??"]
[EventCountry "CRO"]

1. c4 e5 2. Nc3 Bb4 3. Nd5 Bc5 4. e3 Nf6 5. b4 Nxd5 6. bxc5 Nf6 7. Bb2 Qe7 8.
Nf3 Nc6 9. d4 exd4 10. Nxd4 Nxd4 11. Qxd4 b6 12. Qe5 Qxe5 13. Bxe5 Kd8 14. Bd4
Bb7 15. f3 Re8 16. Bd3 Re6 17. Bf5 Rc6 18. O-O-O Bc8 19. g4 bxc5 20. Bb2 h6 21.
g5 hxg5 22. Rhg1 g6 23. Bc2 Rb8 24. Rxg5 Ne8 25. Ba4 Rcb6 1/2-1/2

[Event "Tch-CRO 1stA liga 2017"]
[Site "Mali Losinj"]
[Date "2017.10.01"]
[Round "4.32"]
[White "Georgiev, Kiril"]
[Black "Hracek, Zbynek"]
[Result "1/2-1/2"]
[WhiteElo "2631"]
[BlackElo "2610"]
[PlyCount "42"]
[EventDate "2017.??.??"]
[EventCountry "CRO"]

1. d4 Nf6 2. c4 e6 3. Nc3 Bb4 4. Qc2 O-O 5. a3 Bxc3+ 6. Qxc3 d6 7. Nf3 b6 8. g3
Bb7 9. Bg2 Nbd7 10. O-O a6 11. b3 b5 12. Bf4 bxc4 13. bxc4 Be4 14. Rfd1 h6 15.
Rac1 Rb8 16. Bf1 Nb6 17. Nd2 Bh7 18. f3 c5 19. dxc5 Na4 20. Qa1 Nxc5 21. e4 e5
1/2-1/2

[Event "Tch-CRO 1stA liga 2017"]
[Site "Mali Losinj"]
[Date "2017.10.01"]
[Round "4.33"]
[White "Leventic, Ivan"]
[Black "Muse, Drazen"]
[Result "1/2-1/2"]
[WhiteElo "2411"]
[BlackElo "2356"]
[PlyCount "30"]
[EventDate "2017.??.??"]
[EventCountry "CRO"]

1. e4 e6 2. d4 d5 3. Nd2 c5 4. Ngf3 cxd4 5. exd5 Qxd5 6. Bc4 Qd6 7. O-O Nf6 8.
Nb3 Nc6 9. Nbxd4 Nxd4 10. Qxd4 Qxd4 11. Nxd4 Bd7 12. Bf4 Rc8 13. Bb3 Bc5 14.
Rad1 O-O 15. Rfe1 Rfd8 1/2-1/2

[Event "Tch-CRO 1stA liga 2017"]
[Site "Mali Losinj"]
[Date "2017.10.01"]
[Round "4.34"]
[White "Zovko, Mario"]
[Black "Zivkovic, Vjekoslav"]
[Result "1/2-1/2"]
[WhiteElo "2328"]
[BlackElo "2358"]
[PlyCount "49"]
[EventDate "2017.??.??"]
[EventCountry "CRO"]

1. e4 c5 2. c3 Nf6 3. e5 Nd5 4. g3 Nc6 5. Bg2 e6 6. Nf3 d6 7. exd6 Bxd6 8. O-O
O-O 9. Na3 a6 10. Nc4 Bc7 11. d4 cxd4 12. Nxd4 Nxd4 13. Qxd4 b5 14. Ne3 Bb7 15.
Nxd5 Bxd5 16. Bxd5 Bb6 17. Qe5 Qxd5 18. Qxd5 exd5 19. Rd1 Rfe8 20. Be3 Bxe3 21.
fxe3 Rxe3 22. Rxd5 Re2 23. Rad1 g6 24. R1d2 Rae8 25. Kf1 1/2-1/2

[Event "Tch-CRO 1stA liga 2017"]
[Site "Mali Losinj"]
[Date "2017.10.01"]
[Round "4.35"]
[White "Mrkonjic, Nenad"]
[Black "Mrdja, Milan"]
[Result "0-1"]
[WhiteElo "2351"]
[BlackElo "2295"]
[PlyCount "164"]
[EventDate "2017.??.??"]
[EventCountry "CRO"]

1. d4 g6 2. Nf3 Bg7 3. Bf4 d6 4. e3 Nd7 5. h3 e5 6. Bh2 Nh6 7. Be2 O-O 8. O-O
f6 9. c4 Qe7 10. Nc3 c6 11. b4 Nf7 12. a4 f5 13. Qc2 Kh8 14. a5 Ng5 15. Rad1
Nf7 16. b5 c5 17. Nd5 Qd8 18. dxe5 dxe5 19. b6 axb6 20. Nxb6 Ra6 21. h4 Qc7 22.
Nd5 Qxa5 23. Rb1 Qd8 24. h5 e4 25. Bc7 Qe8 26. Nh2 Rc6 27. hxg6 hxg6 28. Bg3
Be5 29. Bxe5+ Qxe5 30. Qb2 Re8 31. f4 exf3 32. gxf3 Qxb2 33. Rxb2 Kg7 34. Kf2
Nf6 35. Nxf6 Kxf6 36. Rd1 Rh8 37. Nf1 Nd6 38. Rbd2 Ke7 39. Rb2 Be6 40. Rc1 Ra6
41. Rc3 Rha8 42. Nd2 Ra2 43. Rcc2 Rxb2 44. Rxb2 Kd7 45. Bd3 Kc7 46. Rc2 g5 47.
Be2 Ra4 48. Bf1 b6 49. Be2 Nf7 50. Bd3 Ne5 51. Be2 Nc6 52. Bf1 f4 53. Rc3 Ra2
54. Ke1 fxe3 55. Rxe3 Nd4 56. Bd3 Ra1+ 57. Kf2 Ra3 58. Bb1 Ra1 59. Bd3 Ra2 60.
Ke1 Kd7 61. Bg6 Ra1+ 62. Kf2 Rd1 63. Ne4 Bxc4 64. Rc3 Bd5 65. Nxg5 Kd6 66. Be4
b5 67. Ra3 Rd2+ 68. Ke1 Ra2 69. Rxa2 Bxa2 70. f4 b4 71. Kd2 c4 72. Bg6 c3+ 73.
Ke3 c2 74. Kd2 Bb1 75. Bxc2 Bxc2 76. Nf7+ Kd5 77. Ne5 Bf5 78. Kc1 Ne2+ 79. Kb2
Nxf4 80. Nf7 Kc5 81. Ng5 Nd3+ 82. Kb3 Ne5 0-1

[Event "Tch-CRO 1stA liga 2017"]
[Site "Mali Losinj"]
[Date "2017.10.01"]
[Round "4.36"]
[White "Zivkovic, Nikola"]
[Black "Feletar, Darko"]
[Result "0-1"]
[WhiteElo "2180"]
[BlackElo "2370"]
[PlyCount "132"]
[EventDate "2017.??.??"]
[EventCountry "CRO"]

1. e4 c6 2. d4 d5 3. exd5 cxd5 4. c4 Nf6 5. Nc3 e6 6. c5 Be7 7. Nf3 O-O 8. Bd3
b6 9. cxb6 Qxb6 10. O-O Ba6 11. Qe2 Bxd3 12. Qxd3 Nc6 13. Rd1 Rfc8 14. a3 a5
15. Bf4 Qb3 16. Nd2 Qb7 17. Rab1 Nd7 18. Nf3 Ra6 19. Qe2 Rb6 20. Na4 Rb3 21.
Rbc1 Nb6 22. Nxb6 Rxb6 23. Rc2 Na7 24. Rdc1 Rxc2 25. Rxc2 Rc6 26. Qd2 Qb3 27.
Rxc6 Nxc6 28. h3 f6 29. h4 Kf7 30. Qc1 Qb6 31. Be3 g6 32. g3 Qb5 33. Kg2 a4 34.
Qc2 Na5 35. h5 Nc4 36. hxg6+ hxg6 37. Bc1 Qc6 38. Qb1 Qb5 39. Qc2 Qc6 40. Qb1
e5 41. Nh4 e4 42. Kg1 f5 43. Ng2 Bf6 44. Be3 Qb5 45. Nf4 Nxa3 46. Qd1 Nc4 47.
Bc1 Qb3 48. Qxb3 axb3 49. Ne2 Ke6 50. Be3 Nxb2 51. Nc1 Nd3 52. Nxb3 g5 53. Bd2
Kd6 54. Kf1 Kc6 55. Ke2 Kb5 56. Be3 f4 57. gxf4 gxf4 58. Nd2 fxe3 59. fxe3 Kb4
60. Nb1 Bh4 61. Nd2 Bg3 62. Nf1 Bc7 63. Kd2 Kb3 64. Kd1 Kc3 65. Nd2 Nb2+ 66.
Ke2 Nc4 0-1

[Event "Tch-CRO 1stA liga 2017"]
[Site "Mali Losinj"]
[Date "2017.10.01"]
[Round "4.41"]
[White "Rogic, Davor"]
[Black "Postny, Evgeny"]
[Result "1/2-1/2"]
[WhiteElo "2511"]
[BlackElo "2569"]
[PlyCount "108"]
[EventDate "2017.??.??"]
[EventCountry "CRO"]

1. e4 e5 2. Nf3 Nc6 3. Nc3 Nf6 4. Bb5 Bd6 5. d3 h6 6. a3 O-O 7. h3 Re8 8. Be3
Bf8 9. Bc4 d6 10. g4 Nh7 11. g5 hxg5 12. Rg1 g4 13. hxg4 g6 14. Kd2 Bg7 15. Rh1
Be6 16. Qf1 Nd4 17. Qh3 Nxf3+ 18. Qxf3 Ng5 19. Qg2 c6 20. Raf1 b5 21. Bxe6 Nxe6
22. Qh2 Kf8 23. Ne2 d5 24. Kc1 Qf6 25. g5 Qe7 26. f4 exf4 27. Nxf4 Nxf4 28.
Rxf4 d4 29. Rh4 Qe6 30. Bf4 Ke7 31. Rh7 Rh8 32. Qd2 a5 33. Kb1 c5 34. Rxh8 Bxh8
35. Rh7 Be5 36. Qh2 Bxf4 37. Qxf4 Rc8 38. Qd2 b4 39. a4 c4 40. dxc4 Qxc4 41. b3
Qf1+ 42. Kb2 d3 43. Qxd3 Qxd3 44. cxd3 Rc5 45. Rh8 Rxg5 46. Ra8 Re5 47. Kc2 f5
48. exf5 Rxf5 49. d4 g5 50. Kd3 g4 51. Rg8 Rf3+ 52. Kc4 g3 53. Kb5 Rxb3 54.
Kxa5 Rd3 1/2-1/2

[Event "Tch-CRO 1stA liga 2017"]
[Site "Mali Losinj"]
[Date "2017.10.01"]
[Round "4.42"]
[White "Gharamian, Tigran"]
[Black "Dabo-Peranic, Robert"]
[Result "1-0"]
[WhiteElo "2626"]
[BlackElo "2341"]
[PlyCount "107"]
[EventDate "2017.??.??"]
[EventCountry "CRO"]

1. e4 e5 2. Nf3 Nc6 3. Bb5 a6 4. Ba4 Nf6 5. O-O Be7 6. d3 b5 7. Bb3 O-O 8. Nc3
d6 9. a3 Bg4 10. Be3 Nd4 11. Bxd4 exd4 12. Nd5 c6 13. Nxf6+ Bxf6 14. h3 Bxf3
15. Qxf3 Rc8 16. a4 a5 17. g3 b4 18. h4 Be7 19. Rae1 Rc7 20. Qg2 Kh8 21. f4 d5
22. exd5 c5 23. Re4 Bd6 24. Rfe1 Qd7 25. Kh2 g6 26. Qe2 Kg7 27. Ra1 Qd8 28. Bc4
Qf6 29. Re1 Rd8 30. Qg2 Rdd7 31. Qh3 h5 32. Kg2 Re7 33. R1e2 Qf5 34. Qxf5 gxf5
35. Rxe7 Rxe7 36. Rxe7 Bxe7 37. Kf3 Bd6 38. Ke2 Kf6 39. Kd1 Ke7 40. Kc1 f6 41.
Kb1 b3 42. c3 Bc7 43. Bxb3 Kd6 44. Bc4 Bb6 45. Kc2 Ba7 46. Kd1 Bb8 47. Ke2 Ke7
48. Kf1 Kf8 49. Ba6 Kg7 50. Bc8 dxc3 51. bxc3 c4 52. d4 Kg6 53. Ke2 Bd6 54. Kd2
1-0

[Event "Tch-CRO 1stA liga 2017"]
[Site "Mali Losinj"]
[Date "2017.10.01"]
[Round "4.43"]
[White "Rubil, Marko"]
[Black "Jovanovic, Zoran"]
[Result "0-1"]
[WhiteElo "2298"]
[BlackElo "2534"]
[PlyCount "110"]
[EventDate "2017.??.??"]
[EventCountry "CRO"]

1. e4 g6 2. d4 Bg7 3. Nc3 c6 4. f4 d5 5. e5 Nh6 6. Nf3 Bg4 7. h3 Bxf3 8. Qxf3
f6 9. exf6 exf6 10. Be3 f5 11. O-O-O Nd7 12. Bf2 O-O 13. g4 Qc7 14. Bg3 Rae8
15. Bd3 Nb6 16. gxf5 Nxf5 17. Bxf5 Rxf5 18. Rhe1 Rxe1 19. Rxe1 Bxd4 20. Re8+
Kf7 21. Qe2 Qd7 22. Rb8 Nc8 23. Nd1 Nd6 24. Qd3 Bf6 25. Qa3 Be7 26. Qxa7 Qe6
27. Qd4 Bf6 28. Qb6 d4 29. Qb3 Qxb3 30. axb3 Ke6 31. Nf2 g5 32. fxg5 Bxg5+ 33.
Kd1 Rf3 34. Bxd6 Rxf2 35. Bb4 b5 36. Rf8 Rh2 37. Rf3 h6 38. Ba5 Kd5 39. Rf5+
Ke4 40. Re5+ Kf3 41. Rf5+ Ke4 42. Re5+ Kxe5 43. Bc7+ Ke4 44. Bxh2 d3 45. Bg1
dxc2+ 46. Kxc2 Kf3 47. Kd3 Kg2 48. Bd4 Kxh3 49. Ke4 Kg4 50. b4 h5 51. Be5 h4
52. Bd6 h3 53. Bh2 Bh4 54. Kd4 Bg3 55. Bg1 Kf3 0-1